Biological control of insect pests : (Record no. 11998)

000 -LEADER
fixed length control field 00649cam a2200205 a 4500
020 ## - INTERNATIONAL STANDARD BOOK NUMBER
ISBN 1863202218
040 ## - CATALOGING SOURCE
Transcribing agency NNCU:A
082 00 - DEWEY DECIMAL CLASSIFICATION NUMBER
Classification number 632 AUS 1998 A038 Or.
100 1# - MAIN ENTRY--AUTHOR NAME
Personal name Waterhouse, D. F.
245 10 - TITLE STATEMENT
Title Biological control of insect pests :
Remainder of title Southeast Asian prospects /
260 ## - PUBLICATION, DISTRIBUTION, ETC. (IMPRINT)
Place of publication Canberra :
Name of publisher Australian Centre for International Agricultural Research,
Year of publication 1998.
300 ## - PHYSICAL DESCRIPTION
Number of Pages vii, 548 p. :
Other physical details maps ;
Dimensions 26 cm.
500 ## - GENERAL NOTE
General note Includes indexes.
650 #0 - SUBJECT ADDED ENTRY--TOPICAL TERM
Topical Term Insect pests
650 #0 - SUBJECT ADDED ENTRY--TOPICAL TERM
Topical Term Insect pests
650 #0 - SUBJECT ADDED ENTRY--TOPICAL TERM
Topical Term Arthropod pests
650 #0 - SUBJECT ADDED ENTRY--TOPICAL TERM
Topical Term Arthropod pests
710 2# - ADDED ENTRY--CORPORATE NAME
Corporate name or jurisdiction name as entry element Australian Centre for International Agricultural Research.
942 ## - ADDED ENTRY ELEMENTS (KOHA)
Koha item type សៀវភៅភាសាអង់គ្លេស
952 ## - LOCATION AND ITEM INFORMATION (KOHA)
Withdrawn status [LOCAL, KOHA] 0
Holdings
Permanent Location Date acquired Koha item type Lost status Shelving location Barcode Current Location Full call number
Library Block A2017-08-09សៀវភៅភាសាអង់គ្លេស A039A21312Library Block A632 AUS 1998 A038 Or.
មជ្ឈមណ្ឌលឯការនៃសាកលវិទ្យាល័យភូមិន្ទកសិកម្មចំការដូង

Powered by Koha